[Event "2BLW 2223 SV Oberursel - Düsseldorfer S"]
[Site "?"]
[Date "2023.02.26"]
[Round "8.8"]
[White "Neininger, Ralph"]
[Black "Agrest, Inna"]
[Result "1/2-1/2"]
[WhiteElo "2117"]
[BlackElo "2266"]
[PlyCount "128"]
[EventDate "2023.??.??"]

1. d4 Nf6 2. c4 g6 3. Nc3 Bg7 4. e4 d6 5. Nf3 O-O 6. Be2 Nbd7 7. O-O e5 8. Be3 Re8 9. Qc2 c6 10. d5 Nh5 11. dxc6 bxc6 12. Rad1 Qe7 13. Rd2 Ndf6 14. c5 dxc5 15. Na4 Nf4 16. Bc4 Ng4 17. Bxc5 Qf6 18. Rd6 Be6 19. Rxc6 Rac8 20. Bxe6 Rxc6 21. Bxg4 Rc7 22. Rd1 Bf8 23. b4 Rb8 24. a3 h5 25. Bd7 Rbb7 26. g3 Rxd7 27. gxf4 Qxf4 28. Qe2 Qg4+ 29. Kh1 Rxd1+ 30. Qxd1 h4 31. h3 Qxh3+ 32. Nh2 Bh6 33. Qg4 Qxg4 34. Nxg4 Bg7 35. Nc3 f6 36. Ne3 Kf7 37. Kg2 Ke6 38. Kh3 f5 39. f3 Bf6 40. Ned5 Bd8 41. a4 Rf7 42. a5 fxe4 43. fxe4 g5 44. a6 Rf3+ 45. Kg2 g4 46. Bxa7 h3+ 47. Kh2 Bh4 48. Be3 Bg3+ 49. Kg1 h2+ 50. Kg2 Rf1 51. Kxf1 h1=Q+ 52. Ke2 Kf7 53. a7 Qa1 54. Kd3 Be1 55. Ke2 g3 56. a8=Q Qxa8 57. Kxe1 Qa1+ 58. Nd1 Qb1 59. N5c3 Qd3 60. b5 g2 61. b6 Qf1+ 62. Kd2 g1=Q 63. Bxg1 Qxg1 64. Ne3 Qa1 1/2-1/2

[Event "2BLW 2223 SG Solingen II - SC Siegburg"]
[Site "?"]
[Date "2023.02.26"]
[Round "8.1"]
[White "Kovchan, Alexander"]
[Black "Krastev, Alexander"]
[Result "1/2-1/2"]
[WhiteElo "2444"]
[BlackElo "2396"]
[PlyCount "58"]
[EventDate "2023.??.??"]

1. e4 c5 2. Nf3 Nc6 3. d4 cxd4 4. Nxd4 Nf6 5. Nc3 e6 6. Ndb5 Bb4 7. a3 Bxc3+ 8. Nxc3 d5 9. exd5 exd5 10. Bd3 O-O 11. O-O Bg4 12. f3 Bh5 13. Bg5 Qb6+ 14. Kh1 Ne4 15. Nxe4 dxe4 16. Bxe4 Qxb2 17. Qb1 Qb6 18. Qxb6 axb6 19. Rfb1 Bg6 20. Bxg6 hxg6 21. Rxb6 Nd4 22. c3 Nc2 23. Ra2 Nxa3 24. h4 Nc4 25. Rxa8 Nxb6 26. Ra7 Rc8 27. Rxb7 Nd5 28. Bd2 Nxc3 29. Bxc3 Rxc3 1/2-1/2

[Event "2BLW 2223 SG Solingen II - SC Siegburg"]
[Site "?"]
[Date "2023.02.26"]
[Round "8.2"]
[White "Roseneck, Jonas"]
[Black "Baklan, Vladimir"]
[Result "1/2-1/2"]
[WhiteElo "2404"]
[BlackElo "2546"]
[PlyCount "64"]
[EventDate "2023.??.??"]

1. c4 Nf6 2. Nc3 g6 3. e4 d6 4. d4 Bg7 5. Be2 O-O 6. Bg5 a6 7. Nf3 Bg4 8. Qd2 Nfd7 9. Ng1 Bxe2 10. Ngxe2 c5 11. d5 Ne5 12. b3 b5 13. O-O bxc4 14. f4 Ned7 15. bxc4 Nb6 16. Qd3 N8d7 17. Rae1 Qc7 18. Bxe7 Ne5 19. fxe5 Qxe7 20. e6 fxe6 21. Nf4 Bd4+ 22. Kh1 Bxc3 23. Qxc3 e5 24. Ne6 Rxf1+ 25. Rxf1 Nd7 26. Qg3 Rb8 27. h4 Nf6 28. Ng5 h6 29. Nf3 Qg7 30. Nh2 Nh7 31. Qg4 Re8 32. Qf3 Rf8 1/2-1/2

[Event "2BLW 2223 SG Solingen II - SC Siegburg"]
[Site "?"]
[Date "2023.02.26"]
[Round "8.3"]
[White "Hoffmann, Michael"]
[Black "Wegerle, Joerg"]
[Result "1/2-1/2"]
[WhiteElo "2420"]
[BlackElo "2414"]
[PlyCount "105"]
[EventDate "2023.??.??"]

1. c4 Nf6 2. Nf3 e6 3. g3 b6 4. Bg2 Bb7 5. O-O c5 6. Nc3 Be7 7. d4 cxd4 8. Qxd4 Nc6 9. Qf4 O-O 10. Rd1 a6 11. Nd5 exd5 12. cxd5 Nb4 13. d6 Nc2 14. Rb1 Re8 15. dxe7 Qxe7 16. e3 Be4 17. Bd2 Nd5 18. Qh4 Qxh4 19. Nxh4 Bxg2 20. Nxg2 Rac8 21. Nf4 Nxf4 22. gxf4 Rc4 23. Bc3 Na3 24. Rbc1 Nb5 25. Rxd7 h6 26. Bd2 Rxc1+ 27. Bxc1 Rc8 28. Bd2 Rc2 29. a4 Nc7 30. Bc3 Ne6 31. Rb7 Nc5 32. Rxb6 Nxa4 33. Rb8+ Kh7 34. Bd4 Rc6 35. Rb7 f6 36. Rb4 Rc1+ 37. Kg2 Nc5 38. Bc3 Rc2 39. Rd4 Kg6 40. Kf3 Nb3 41. Rd3 a5 42. e4 a4 43. f5+ Kh5 44. e5 fxe5 45. Bxe5 Kg5 46. Bxg7 Kxf5 47. Bc3 Ke6 48. h3 Nc5 49. Rd2 Rxd2 50. Bxd2 Nd3 51. Bc3 Kf5 52. Kg3 h5 53. f3 1/2-1/2

[Event "2BLW 2223 SG Solingen II - SC Siegburg"]
[Site "?"]
[Date "2023.02.26"]
[Round "8.4"]
[White "Gaponenko, Inna"]
[Black "Omelja, Artem"]
[Result "1/2-1/2"]
[WhiteElo "2341"]
[BlackElo "2437"]
[PlyCount "60"]
[EventDate "2023.??.??"]

1. e4 e5 2. Nf3 d6 3. d4 exd4 4. Nxd4 Nf6 5. Nc3 Be7 6. g3 O-O 7. Bg2 Re8 8. O-O Bf8 9. h3 Na6 10. Re1 c6 11. a3 Nc7 12. g4 d5 13. Bg5 dxe4 14. Nxe4 Be7 15. Nb3 Nfd5 16. Bxe7 Qxe7 17. c4 Nf4 18. Nd6 Qxe1+ 19. Qxe1 Rxe1+ 20. Rxe1 Nce6 21. Nc5 Kf8 22. Nxe6+ Bxe6 23. Nxb7 Rb8 24. Bxc6 Nxh3+ 25. Kg2 Nf4+ 26. Kg3 Nd3 27. Re4 Nxb2 28. Nc5 Rc8 29. Nxe6+ fxe6 30. Rxe6 Nxc4 1/2-1/2

[Event "2BLW 2223 SG Solingen II - SC Siegburg"]
[Site "?"]
[Date "2023.02.26"]
[Round "8.5"]
[White "Zavgorodniy, Sergiy"]
[Black "Schlecht, Daniel"]
[Result "1-0"]
[WhiteElo "2406"]
[BlackElo "2375"]
[PlyCount "103"]
[EventDate "2023.??.??"]

1. e4 e5 2. Nf3 Nc6 3. Nc3 Nf6 4. h3 Bb4 5. Bc4 d6 6. a3 Ba5 7. d3 Be6 8. b4 Bb6 9. Bg5 h6 10. Be3 Bxe3 11. fxe3 Bxc4 12. dxc4 a5 13. b5 Ne7 14. Nh4 Qd7 15. O-O Qe6 16. Nd5 Nfxd5 17. cxd5 Qd7 18. c4 g6 19. Qf3 O-O 20. Ra2 Kh7 21. g4 b6 22. Rg2 f6 23. Qg3 Kg7 24. Nf3 Rf7 25. Kf2 Rh8 26. Ke2 Rhf8 27. h4 Ng8 28. Rgf2 Qe7 29. Kd2 Qd7 30. Ng1 Qe7 31. Ne2 Qd7 32. Qf3 Qe7 33. Ng3 Qd7 34. Kc3 Qc8 35. h5 g5 36. Qf5 Ne7 37. Qe6 Ng8 38. Nf5+ Kh7 39. a4 Qd7 40. c5 dxc5 41. Kc4 Re8 42. Qxd7 Rxd7 43. d6 cxd6 44. Rd1 Red8 45. Rfd2 Kh8 46. Rxd6 Rxd6 47. Rxd6 Rxd6 48. Nxd6 Ne7 49. Nb7 Kg7 50. Nxc5 bxc5 51. Kxc5 Kf7 52. b6 1-0

[Event "2BLW 2223 SG Solingen II - SC Siegburg"]
[Site "?"]
[Date "2023.02.26"]
[Round "8.6"]
[White "Schaefer, Markus"]
[Black "Albrecht, Oliver"]
[Result "1-0"]
[WhiteElo "2353"]
[BlackElo "2178"]
[PlyCount "53"]
[EventDate "2023.??.??"]

1. e4 c5 2. Nf3 d6 3. d4 cxd4 4. Nxd4 Nf6 5. Nc3 a6 6. Bc4 e6 7. a4 Be7 8. O-O O-O 9. Be3 Nc6 10. Ba2 Bd7 11. Qe2 Rc8 12. f4 Qa5 13. Nb3 Qb4 14. Bd2 Nd4 15. Qd3 Nxb3 16. Bxb3 Qc5+ 17. Be3 Qc7 18. Kh1 Bc6 19. f5 exf5 20. Rxf5 Bd7 21. Rxf6 Bxf6 22. Nd5 Qd8 23. Bb6 Qe8 24. Nxf6+ gxf6 25. Qg3+ Kh8 26. Bd4 Qe7 27. Qh4 1-0

[Event "2BLW 2223 SG Solingen II - SC Siegburg"]
[Site "?"]
[Date "2023.02.26"]
[Round "8.7"]
[White "Kolkin, Michail"]
[Black "Kononenko, Tatiana"]
[Result "1/2-1/2"]
[WhiteElo "2323"]
[BlackElo "2342"]
[PlyCount "43"]
[EventDate "2023.??.??"]

1. Nf3 d5 2. g3 Nf6 3. Bg2 Bg4 4. O-O Nbd7 5. d4 e6 6. Nbd2 Be7 7. Re1 O-O 8. e4 dxe4 9. Nxe4 Nxe4 10. Rxe4 Bf5 11. Re1 c6 12. c3 Re8 13. Bf4 Qb6 14. Qb3 a5 15. Ne5 Qxb3 16. axb3 Nxe5 17. Rxe5 Bd8 18. b4 g5 19. Bd2 Bc7 20. Ree1 axb4 21. Bxg5 b3 22. Rxa8 1/2-1/2

[Event "2BLW 2223 SG Solingen II - SC Siegburg"]
[Site "?"]
[Date "2023.02.26"]
[Round "8.8"]
[White "Berg, Michael"]
[Black "Schnellbacher, Jan Eric"]
[Result "1/2-1/2"]
[WhiteElo "2323"]
[BlackElo "1972"]
[PlyCount "108"]
[EventDate "2023.??.??"]

1. d4 Nf6 2. c4 c5 3. d5 b5 4. cxb5 e6 5. Nc3 exd5 6. Nxd5 Bb7 7. e4 a6 8. bxa6 Nxa6 9. Bc4 Be7 10. Nf3 O-O 11. O-O Nxd5 12. Bxd5 Bxd5 13. Qxd5 Nb4 14. Qc4 d5 15. exd5 Qxd5 16. Qxd5 Nxd5 17. Rd1 Nb4 18. a3 Bf6 19. Rb1 Rfd8 20. Bg5 Bxg5 21. axb4 Be7 22. Rxd8+ Rxd8 23. bxc5 Bxc5 24. Kf1 Bb4 25. Rc1 Kf8 26. Rc4 Rb8 27. Ne5 Re8 28. Nd3 Bd6 29. h3 f5 30. Rd4 Bc7 31. Rd5 g6 32. g3 Kf7 33. b4 Ke6 34. Rc5 Bd6 35. Rb5 Rb8 36. Rxb8 Bxb8 37. Ke2 Kd5 38. Ke3 Kc4 39. h4 Ba7+ 40. Ke2 Bd4 41. f3 Bb6 42. g4 fxg4 43. fxg4 Bc7 44. Ke3 Bg3 45. h5 gxh5 46. gxh5 Bh4 47. Ke4 Bg3 48. Nf4 Kxb4 49. Nd5+ Kc5 50. Nf6 Kd6 51. Kf5 Ke7 52. Nxh7 Kf7 53. h6 Bf4 54. Kxf4 Kg6 1/2-1/2

[Event "2BLW 2223 Aachener SV - SC Heimbach-Wei"]
[Site "?"]
[Date "2023.02.26"]
[Round "8.1"]
[White "Livaic, Leon"]
[Black "Seel, Christian"]
[Result "1/2-1/2"]
[WhiteElo "2571"]
[BlackElo "2483"]
[PlyCount "81"]
[EventDate "2023.??.??"]

1. d4 d5 2. c4 c6 3. cxd5 cxd5 4. Bg5 Nc6 5. Nc3 f6 6. e4 dxe4 7. Be3 e6 8. Nxe4 Bb4+ 9. Nc3 Nge7 10. Bd3 Nd5 11. Nge2 Nxe3 12. fxe3 Bd6 13. O-O O-O 14. Ne4 f5 15. Nxd6 Qxd6 16. Qb3 Na5 17. Qc3 Nc6 18. e4 Bd7 19. e5 Qb4 20. Rac1 Rac8 21. Qxb4 Nxb4 22. Bc4 b5 23. Bb3 Rxc1 24. Rxc1 Rc8 25. Rd1 Kf7 26. Nc3 Bc6 27. Rd2 a6 28. Rf2 Ke7 29. a3 Nd3 30. Rd2 Nf4 31. h4 Nd5 32. Bxd5 Bxd5 33. Nxd5+ exd5 34. Kf2 Ke6 35. Ke3 Rc1 36. Kd3 a5 37. h5 g5 38. hxg6 hxg6 39. Rc2 Rxc2 40. Kxc2 g5 41. Kd3 1/2-1/2

[Event "2BLW 2223 Aachener SV - SC Heimbach-Wei"]
[Site "?"]
[Date "2023.02.26"]
[Round "8.2"]
[White "Koch, Thomas"]
[Black "Kraus, Tomas"]
[Result "1/2-1/2"]
[WhiteElo "2436"]
[BlackElo "2483"]
[PlyCount "85"]
[EventDate "2023.??.??"]

1. d4 d5 2. c4 e6 3. Nc3 c5 4. e3 Nf6 5. Nf3 a6 6. cxd5 exd5 7. Be2 Nc6 8. O-O Bd6 9. dxc5 Bxc5 10. b3 O-O 11. Bb2 Ba7 12. Rc1 Re8 13. Na4 Ne4 14. Nd4 Bd7 15. Nxc6 Bxc6 16. Bd4 Bxa4 17. bxa4 Bb8 18. Rc2 Qa5 19. f3 Ng5 20. Rc5 Qd8 21. Qb3 Qd6 22. f4 Ne6 23. Rxd5 Nxd4 24. exd4 Qe7 25. Bc4 Ba7 26. Kh1 Qc7 27. Qd3 Rad8 28. Rxd8 Qxd8 29. d5 Qd6 30. Bb3 Re3 31. Qc4 Bc5 32. Bc2 a5 33. Bb3 b6 34. Qa6 Re7 35. Qb5 Re3 36. f5 h6 37. f6 gxf6 38. Qc4 f5 39. Rxf5 Re1+ 40. Rf1 Rxf1+ 41. Qxf1 Kf8 42. Qf5 Qg6 43. Qxg6 1/2-1/2

[Event "2BLW 2223 Aachener SV - SC Heimbach-Wei"]
[Site "?"]
[Date "2023.02.26"]
[Round "8.3"]
[White "Tica, Sven"]
[Black "Vandenbussche, Thibaut"]
[Result "0-1"]
[WhiteElo "2440"]
[BlackElo "2442"]
[PlyCount "72"]
[EventDate "2023.??.??"]

1. d4 d5 2. c4 e6 3. Nf3 c5 4. cxd5 exd5 5. g3 Nc6 6. Bg2 Nf6 7. O-O Be7 8. dxc5 Bxc5 9. Qc2 Bb6 10. Nc3 O-O 11. Na4 Re8 12. Bg5 h6 13. Nxb6 axb6 14. Be3 Rxe3 15. fxe3 Ng4 16. Qd2 Qe7 17. Rfc1 Nxe3 18. Rc3 Nxg2 19. Kxg2 Bf5 20. Qe3 Be4 21. Kg1 Ra4 22. Ra3 d4 23. Qd2 Rxa3 24. bxa3 Bxf3 25. exf3 Ne5 26. Qe2 Qc5 27. f4 d3+ 28. Qf2 Qc3 29. Rd1 Nc4 30. h3 Nb2 31. Rd2 Nc4 32. Rd1 d2 33. a4 f5 34. Kh1 Qc1 35. Qf1 Qc2 36. Qe2 Qe4+ 0-1

[Event "2BLW 2223 Aachener SV - SC Heimbach-Wei"]
[Site "?"]
[Date "2023.02.26"]
[Round "8.4"]
[White "Lemmers, Oscar"]
[Black "Winterberg, Lukas"]
[Result "1/2-1/2"]
[WhiteElo "2355"]
[BlackElo "2402"]
[PlyCount "60"]
[EventDate "2023.??.??"]

1. e4 e6 2. d4 d5 3. Nd2 c5 4. exd5 Qxd5 5. Ngf3 cxd4 6. Bc4 Qd7 7. O-O Nc6 8. Nb3 a6 9. a4 Nf6 10. Qe2 Bd6 11. Rd1 e5 12. Nbxd4 Nxd4 13. Rxd4 Qe7 14. Rxd6 Qxd6 15. b3 e4 16. Ba3 Qf4 17. Qe1 Be6 18. Qa5 Rd8 19. Re1 Bxc4 20. bxc4 Rd7 21. Ne5 b6 22. Qxa6 Qxe5 23. Qc8+ Rd8 24. Qc6+ Rd7 25. Qa8+ Rd8 26. Qc6+ Rd7 27. Qc8+ Rd8 28. Qc6+ Rd7 29. Qa8+ Rd8 30. Qc6+ Rd7 1/2-1/2

[Event "2BLW 2223 Aachener SV - SC Heimbach-Wei"]
[Site "?"]
[Date "2023.02.26"]
[Round "8.5"]
[White "Krejci, Jan"]
[Black "Sonntag, Hans-Hubert"]
[Result "1-0"]
[WhiteElo "2516"]
[BlackElo "2295"]
[PlyCount "81"]
[EventDate "2023.??.??"]

1. e4 e5 2. Nf3 Nc6 3. Bb5 a6 4. Ba4 d6 5. O-O Bd7 6. c4 Nf6 7. Nc3 g6 8. d4 exd4 9. Nxd4 Bg7 10. Nxc6 bxc6 11. c5 dxc5 12. e5 Nd5 13. Ne4 Bxe5 14. Bg5 f6 15. Nxc5 fxg5 16. Re1 O-O 17. Rxe5 Be8 18. Ne6 Qf6 19. Qe1 Rf7 20. Nxg5 Re7 21. Rxe7 Qxe7 22. Qxe7 Nxe7 23. Bb3+ Nd5 24. Rc1 Bd7 25. Ne4 Kf8 26. Bxd5 cxd5 27. Rxc7 dxe4 28. Rxd7 Rc8 29. Kf1 Rc2 30. Rb7 h5 31. h4 a5 32. g3 Kg8 33. a4 Kf8 34. Ke1 Kg8 35. b4 Rc4 36. Kd2 Rd4+ 37. Ke3 Rd3+ 38. Kxe4 Ra3 39. b5 Rxa4+ 40. Kd5 Ra2 41. b6 1-0

[Event "2BLW 2223 Aachener SV - SC Heimbach-Wei"]
[Site "?"]
[Date "2023.02.26"]
[Round "8.6"]
[White "Coenen, Norbert"]
[Black "Polak, Tomas"]
[Result "1-0"]
[WhiteElo "2267"]
[BlackElo "2506"]
[PlyCount "129"]
[EventDate "2023.??.??"]

1. e4 c6 2. d4 d5 3. Nc3 a6 4. Nf3 Bg4 5. Bd3 e6 6. O-O Nf6 7. Bg5 Be7 8. h3 Bh5 9. Re1 O-O 10. Qe2 dxe4 11. Nxe4 Nd5 12. Bd2 Nd7 13. a3 b5 14. Rac1 Qb6 15. Neg5 Bxg5 16. Bxg5 Rfe8 17. c4 bxc4 18. Rxc4 Bg6 19. Bxg6 hxg6 20. Rec1 Rec8 21. Qc2 a5 22. Rxc6 Rxc6 23. Qxc6 Qxc6 24. Rxc6 Rb8 25. Bc1 N7b6 26. Kf1 Kf8 27. Ne5 Ke8 28. Ke2 Rb7 29. Kd3 Ne7 30. Rc5 f6 31. Nc4 Nxc4 32. Rxc4 Kd7 33. Kc2 Rb5 34. b3 Nc6 35. Kc3 Rb7 36. h4 Rb8 37. Bf4 Rh8 38. g3 Ra8 39. Rc5 Ra7 40. d5 Ne7 41. dxe6+ Kxe6 42. Kc4 Kd7 43. Bd2 Nc6 44. Bc3 Ra8 45. Kb5 Rb8+ 46. Ka4 Kd6 47. Rb5 Re8 48. Bxa5 Re4+ 49. b4 Re2 50. Bb6 Ne5 51. Bd4 Nc4 52. Rb7 Rd2 53. Bc3 Rd3 54. Kb3 Nxa3 55. Kxa3 Rxc3+ 56. Ka4 Rf3 57. Rxg7 Rxf2 58. Rxg6 Kc6 59. h5 Ra2+ 60. Kb3 Rf2 61. Kc4 Rc2+ 62. Kd3 Rf2 63. Ke3 Rf1 64. Rg4 Re1+ 65. Kf2 1-0

[Event "2BLW 2223 Aachener SV - SC Heimbach-Wei"]
[Site "?"]
[Date "2023.02.26"]
[Round "8.7"]
[White "Schulz, Klaus-Juergen"]
[Black "Meessen, Rudolf"]
[Result "1/2-1/2"]
[WhiteElo "2347"]
[BlackElo "2178"]
[PlyCount "54"]
[EventDate "2023.??.??"]

1. d4 d6 2. e4 Nf6 3. Nc3 e5 4. Nf3 exd4 5. Nxd4 Be7 6. g3 O-O 7. Bg2 Re8 8. O-O Bf8 9. h3 Nbd7 10. Re1 c6 11. Bf4 Ne5 12. g4 g6 13. Bg3 h5 14. g5 h4 15. Bxh4 Nh5 16. Kh2 Bg7 17. Nde2 b5 18. a3 Qd7 19. Ng1 Nc4 20. Qc1 Qe7 21. Nge2 a5 22. Kg1 Ra6 23. Ng3 b4 24. Nxh5 gxh5 25. axb4 axb4 26. Rxa6 Bxa6 27. Nd1 d5 1/2-1/2

[Event "2BLW 2223 Aachener SV - SC Heimbach-Wei"]
[Site "?"]
[Date "2023.02.26"]
[Round "8.8"]
[White "Huesmann, Thomas"]
[Black "Bukal, Vladimir Jr."]
[Result "0-1"]
[WhiteElo "2132"]
[BlackElo "2396"]
[PlyCount "102"]
[EventDate "2023.??.??"]

1. e4 c5 2. Nc3 g6 3. f4 Bg7 4. Nf3 Nc6 5. Bb5 Nd4 6. O-O a6 7. Bd3 d6 8. Nxd4 cxd4 9. Ne2 Nf6 10. c3 O-O 11. h3 e5 12. cxd4 exd4 13. b3 Re8 14. Ng3 h5 15. Qf3 Bd7 16. Nh1 Bc6 17. Nf2 Qb6 18. g4 hxg4 19. hxg4 Nxe4 20. Nxe4 Bxe4 21. Qg3 d5 22. Bb2 Bxd3 23. Qxd3 Re4 24. Rf2 Rae8 25. Raf1 Qe6 26. Qf3 f5 27. Rg2 fxg4 28. Qxg4 Qxg4 29. Rxg4 Kf7 30. Rg5 Bf6 31. Rxd5 Ke6 32. Rc5 Re2 33. Rf2 d3 34. Bxf6 Kxf6 35. Rd5 Rxf2 36. Kxf2 Re2+ 37. Kf3 Rxd2 38. Ke3 Rxa2 39. Rxd3 Ke6 40. Ke4 Re2+ 41. Kf3 Rb2 42. Kg4 a5 43. Re3+ Kd6 44. Kg5 Rg2+ 45. Kf6 Kc5 46. Re4 b5 47. Kf7 Rg3 48. Kf6 Rxb3 49. Kxg6 Rg3+ 50. Kh5 a4 51. f5 a3 0-1

[Event "2BLW 2223 SG Porz - SV Koblenz"]
[Site "?"]
[Date "2023.02.26"]
[Round "8.1"]
[White "Balog, Imre"]
[Black "Lutz, Christopher"]
[Result "1-0"]
[WhiteElo "2609"]
[BlackElo "2527"]
[PlyCount "77"]
[EventDate "2023.??.??"]

1. d4 Nf6 2. c4 e6 3. g3 Bb4+ 4. Bd2 Bxd2+ 5. Qxd2 d5 6. Bg2 O-O 7. Nf3 Nbd7 8. O-O c6 9. Rc1 b6 10. cxd5 cxd5 11. Na3 Ba6 12. Ne5 Nxe5 13. dxe5 Nd7 14. f4 Rc8 15. Nc2 Nb8 16. Nd4 Qd7 17. f5 exf5 18. Qf4 g6 19. Bh3 Qe7 20. Bxf5 Rc4 21. Bd3 Nd7 22. Bxc4 dxc4 23. Rc3 Nxe5 24. Re3 f6 25. Nc6 Qc5 26. Nxe5 g5 27. Nd7 gxf4 28. Nxc5 fxe3 29. Nxa6 Rd8 30. Kg2 Rd2 31. Kf3 Rxb2 32. a3 c3 33. Nb4 a5 34. Nd5 c2 35. Rc1 b5 36. Nxe3 Rb3 37. a4 b4 38. Rxc2 Ra3 39. Rc7 1-0

[Event "2BLW 2223 SG Porz - SV Koblenz"]
[Site "?"]
[Date "2023.02.26"]
[Round "8.2"]
[White "Rotstein, Arkadij"]
[Black "Sulskis, Sarunas"]
[Result "1/2-1/2"]
[WhiteElo "2460"]
[BlackElo "2509"]
[PlyCount "133"]
[EventDate "2023.??.??"]

1. Nf3 d5 2. e3 c5 3. b3 a6 4. Bb2 Nc6 5. Be2 Nf6 6. O-O Qd6 7. d4 cxd4 8. Nxd4 e5 9. Ba3 Qc7 10. Bxf8 Kxf8 11. Nxc6 bxc6 12. c4 h5 13. Nc3 dxc4 14. Bxc4 e4 15. f3 Bf5 16. Nxe4 Bxe4 17. fxe4 Re8 18. Qd3 Re5 19. Rad1 Ke7 20. b4 a5 21. bxa5 Rxa5 22. Qc3 Rb8 23. Bb3 Re5 24. Rc1 Kf8 25. Qxc6 Qxc6 26. Rxc6 Rxe4 27. Rc7 Re7 28. Rxe7 Kxe7 29. e4 Kd6 30. Rf5 Nxe4 31. Rd5+ Kc6 32. Rxh5 g6 33. Rh7 f5 34. Rh6 Kc5 35. Rxg6 Kd4 36. Rg8 Rb6 37. Rf8 Ke5 38. Rd8 Nd6 39. Rd7 Rc6 40. h4 Ne4 41. Kh2 Rh6 42. g3 f4 43. Rd5+ Kf6 44. h5 fxg3+ 45. Kg2 Rh8 46. Bc2 Nc3 47. Rf5+ Kg7 48. a4 Rd8 49. Kxg3 Rd2 50. Bb3 Rd3+ 51. Kg2 Rd2+ 52. Kf1 Rb2 53. Bc4 Nxa4 54. Ra5 Nb6 55. Be2 Rd2 56. Rg5+ Kh8 57. Kf2 Rd6 58. Bf3 Nd7 59. Kg3 Nf6 60. Kf4 Rb6 61. Rc5 Kg7 62. Kf5 Kh6 63. Rc8 Nxh5 64. Rh8+ Kg7 65. Rxh5 Rb5+ 66. Kg4 Rxh5 67. Kxh5 1/2-1/2

[Event "2BLW 2223 SG Porz - SV Koblenz"]
[Site "?"]
[Date "2023.02.26"]
[Round "8.3"]
[White "Seul, Georg"]
[Black "Suvorov, Alexander"]
[Result "1/2-1/2"]
[WhiteElo "2350"]
[BlackElo "2345"]
[PlyCount "31"]
[EventDate "2023.??.??"]

1. e4 c5 2. Nf3 d6 3. Bb5+ Nd7 4. O-O a6 5. Bd3 Ngf6 6. Re1 e6 7. c3 Be7 8. Bc2 b5 9. d4 cxd4 10. cxd4 Bb7 11. Nbd2 Rc8 12. Nf1 O-O 13. Ng3 Re8 14. Bd3 Nf8 15. a4 Bc6 16. Bd2 1/2-1/2

[Event "2BLW 2223 SG Porz - SV Koblenz"]
[Site "?"]
[Date "2023.02.26"]
[Round "8.4"]
[White "Suvorov, Luca"]
[Black "Fritsche, Lutz"]
[Result "1-0"]
[WhiteElo "2294"]
[BlackElo "2307"]
[PlyCount "65"]
[EventDate "2023.??.??"]

1. d4 d6 2. c4 e5 3. Nc3 exd4 4. Qxd4 Nc6 5. Qd2 Nf6 6. b3 g6 7. Bb2 Bg7 8. g3 O-O 9. Nh3 Re8 10. Nf4 Bf5 11. Bg2 Ne4 12. Nxe4 Bxb2 13. Qxb2 Bxe4 14. f3 Bf5 15. O-O Ne5 16. Rad1 Qf6 17. Qd2 a5 18. Nd5 Qd8 19. e4 Be6 20. Nc3 f6 21. f4 Nd7 22. e5 fxe5 23. Bxb7 Rb8 24. Bd5 Qe7 25. fxe5 Nxe5 26. Bxe6+ Qxe6 27. Nd5 Rf8 28. Nxc7 Qg4 29. Qxd6 Nf3+ 30. Kh1 Ng5 31. Qd5+ Kh8 32. Qe5+ Kg8 33. Nd5 1-0

[Event "2BLW 2223 SG Porz - SV Koblenz"]
[Site "?"]
[Date "2023.02.26"]
[Round "8.5"]
[White "Hammes, Michael"]
[Black "Korotkjevich, Stanislav"]
[Result "0-1"]
[WhiteElo "2343"]
[BlackElo "2369"]
[PlyCount "68"]
[EventDate "2023.??.??"]

1. d4 Nf6 2. c4 Nc6 3. Nf3 e6 4. d5 exd5 5. cxd5 Bb4+ 6. Nc3 Ne7 7. e4 Nxe4 8. Qd4 Bxc3+ 9. bxc3 Nf6 10. c4 d6 11. Be2 O-O 12. O-O Bg4 13. Bb2 Ng6 14. h3 Bxf3 15. Bxf3 Re8 16. a4 a5 17. Ra3 b6 18. g4 h6 19. Bh1 Re2 20. Bf3 Re7 21. Bh1 Qf8 22. f4 Rae8 23. g5 hxg5 24. fxg5 Ne4 25. h4 Re5 26. Qd1 Nxh4 27. Bxe5 Rxe5 28. Bxe4 Rxe4 29. Rh3 Qe7 30. Rg3 Qe5 31. Qd3 Nf5 32. Rh3 Rg4+ 33. Kf2 Rd4 34. Qe2 Rf4+ 0-1

[Event "2BLW 2223 SG Porz - SV Koblenz"]
[Site "?"]
[Date "2023.02.26"]
[Round "8.6"]
[White "Malykin, Vitaly"]
[Black "Wolf, Volker"]
[Result "1-0"]
[WhiteElo "2334"]
[BlackElo "2232"]
[PlyCount "105"]
[EventDate "2023.??.??"]

1. Nf3 c5 2. c4 Nc6 3. Nc3 g6 4. e3 Nf6 5. d4 cxd4 6. exd4 d5 7. cxd5 Nxd5 8. Qb3 Nxc3 9. Bc4 Nd5 10. Bxd5 e6 11. Bxc6+ bxc6 12. O-O Bg7 13. Bf4 O-O 14. Rfc1 Qd5 15. Qe3 Bb7 16. Rc5 Qd8 17. Bh6 Bxh6 18. Qxh6 Qf6 19. h4 Rfd8 20. h5 Rd5 21. Rxd5 cxd5 22. Rc1 Rc8 23. Rxc8+ Bxc8 24. Qc1 Qd8 25. Qc5 a6 26. Ne5 Bb7 27. Nd3 Kg7 28. Qa7 Bc8 29. Ne5 Qf8 30. h6+ Kg8 31. Qc7 a5 32. Ng4 f6 33. Nxf6+ Qxf6 34. Qxc8+ Kf7 35. Qd7+ Kf8 36. Qxh7 Qxd4 37. Qxg6 Qxb2 38. h7 Qa1+ 39. Kh2 Qg7 40. Qh5 Qh8 41. Qh6+ Kf7 42. g4 d4 43. Qf4+ Kg6 44. Qe4+ Kf7 45. Kg3 d3 46. Qxd3 Qe5+ 47. Kf3 Qf6+ 48. Ke4 Qg6+ 49. Ke3 Qg5+ 50. f4 Qc5+ 51. Ke2 Kg7 52. Qd7+ Kh8 53. Qe8+ 1-0

[Event "2BLW 2223 SG Porz - SV Koblenz"]
[Site "?"]
[Date "2023.02.26"]
[Round "8.7"]
[White "Stewart, Neil"]
[Black "Pauly, Carlo"]
[Result "1-0"]
[WhiteElo "2236"]
[BlackElo "2308"]
[PlyCount "73"]
[EventDate "2023.??.??"]

1. d4 Nf6 2. c4 g6 3. Nc3 Bg7 4. e4 d6 5. h3 O-O 6. Be3 c6 7. Nf3 a6 8. c5 Nbd7 9. Be2 b5 10. cxb6 Nxb6 11. O-O a5 12. Rc1 a4 13. Qc2 Ba6 14. Bxa6 Rxa6 15. Nb1 Qa8 16. Nbd2 Rc8 17. Qd3 d5 18. e5 Nfd7 19. Rc2 e6 20. Rfc1 Ra7 21. Qe2 Rac7 22. h4 Nb8 23. Bg5 a3 24. b3 Na6 25. Nf1 Nb4 26. Rc3 Qa6 27. Qd2 Qb7 28. Ne3 c5 29. Rxc5 Rxc5 30. Rxc5 Rxc5 31. dxc5 Nd7 32. Ng4 Nxc5 33. Nf6+ Kh8 34. Qc1 Qa7 35. Be3 Bf8 36. Qd2 Qb7 37. Bxc5 1-0

[Event "2BLW 2223 SG Porz - SV Koblenz"]
[Site "?"]
[Date "2023.02.26"]
[Round "8.8"]
[White "Marcziter, Dmitrii"]
[Black "Steinacker, Alex"]
[Result "1/2-1/2"]
[WhiteElo "2235"]
[BlackElo "2273"]
[PlyCount "132"]
[EventDate "2023.??.??"]

1. d4 g6 2. c4 Bg7 3. Nf3 Nf6 4. g3 O-O 5. Bg2 d6 6. Nc3 Nc6 7. O-O a6 8. e4 Bg4 9. h3 Bxf3 10. Bxf3 e5 11. d5 Nd4 12. Bg2 c5 13. dxc6 bxc6 14. Be3 Nd7 15. Qd2 Rb8 16. b3 c5 17. Rac1 Nb6 18. Ne2 a5 19. Rb1 a4 20. Nc3 axb3 21. axb3 Na8 22. Bxd4 exd4 23. Nd5 Nb6 24. Rfe1 Re8 25. Qc2 Nxd5 26. cxd5 Qa5 27. Rec1 Rb7 28. Bf1 Ra8 29. Bc4 Qb4 30. Kg2 Rba7 31. Qe2 Kf8 32. Rc2 Ra1 33. Rd1 h5 34. h4 R8a7 35. Rf1 Rxf1 36. Qxf1 d3 37. Qxd3 Qe1 38. Re2 Qc1 39. Qc2 Qa1 40. Rd2 Bd4 41. Re2 Kg7 42. Bd3 Qa3 43. Bc4 Qb4 44. Qd2 Qb8 45. Qc2 Qd8 46. Qd2 Be5 47. Bd3 Ra3 48. Bc4 f6 49. Re1 g5 50. f4 Qa8 51. Re2 gxf4 52. gxf4 Bd4 53. Kh2 Kf7 54. Rg2 Qh8 55. Qd3 Qh6 56. Qg3 Ra8 57. Be2 Rf8 58. Bb5 Ke7 59. Ra2 c4 60. Bxc4 Rf7 61. Rg2 Bc5 62. Ba6 Ba3 63. Rc2 Bc5 64. Rg2 Ba3 65. Rc2 Bc5 66. Rg2 Ba3 1/2-1/2

[Event "2BLW 2223 SV Mülheim Nord II - SV Koble"]
[Site "?"]
[Date "2023.03.18"]
[Round "9.1"]
[White "Sulskis, Sarunas"]
[Black "Lenaerts, Lennert"]
[Result "1/2-1/2"]
[WhiteElo "2505"]
[BlackElo "2357"]
[PlyCount "85"]
[EventDate "2023.??.??"]

1. e4 e5 2. Nf3 Nc6 3. d4 exd4 4. Bc4 Nf6 5. O-O Nxe4 6. Re1 d5 7. Bxd5 Qxd5 8. Nc3 Qh5 9. Nxe4 Be6 10. Bg5 Bd6 11. Bf6 Bxh2+ 12. Nxh2 Qxd1 13. Raxd1 gxf6 14. Nxf6+ Ke7 15. Nd5+ Kd6 16. Nf4 Rae8 17. Re3 Kc5 18. Ra3 a5 19. Nf3 Bg4 20. c3 Bxf3 21. cxd4+ Nxd4 22. Rc3+ Kb6 23. Rxd4 Bc6 24. Nd5+ Ka7 25. Ne3 h5 26. Rf4 h4 27. Kh2 Rh7 28. Rc5 a4 29. Nf5 Re2 30. Nd4 Rxb2 31. Nxc6+ bxc6 32. Rxa4+ Kb6 33. Rf5 c5 34. Ra8 Kb7 35. Ra5 Kb6 36. Ra8 Kb7 37. Ra5 Kb6 38. Raxc5 Rxa2 39. Rc3 c5 40. Rf6+ Kb5 41. Rf5 Kb6 42. Rf6+ Kb5 43. Rf5 1/2-1/2